A Glossarial Concordance to William Langland's The Vision of Piers Plowman The A Text / (Record no. 200159)

MARC details
000 -LEADER
fixed length control field 00627nam a22001937a 4500
005 - DATE AND TIME OF LATEST TRANSACTION
control field 20240116151022.0
010 ## - LCCN (DPL NO)
LC control number ENG-138912
020 ## - INTERNATIONAL STANDARD BOOK NUMBER
International Standard Book Number 9784775401552
035 ## - SYSTEM CONTROL NUMBER
System control number EN-122444
037 ## - SOURCE OF ACQUISITION
Source of stock number/acquisition DBAD/PUB
082 ## - DEWEY DECIMAL CLASSIFICATION NUMBER
Classification number 880
100 ## - MAIN ENTRY--PERSONAL NAME
Personal name Matsushita, Tomonori
245 ## - TITLE STATEMENT
Title A Glossarial Concordance to William Langland's The Vision of Piers Plowman The A Text /
260 ## - PUBLICATION, DISTRIBUTION, ETC. (IMPRINT)
Place of publication, distribution, etc Japan
Name of publisher, distributor, etc Shohakusha Publishing
Date of publication, distribution, etc 2009
270 ## - ADDRESS
City Japan
Address 1-6-1 Iidabashi, Chiyoda-ku, Tokyo, Japan
Postal code 1020072
300 ## - PHYSICAL DESCRIPTION
Extent 603 p.
Dimensions 32 cm(hbk)
710 ## - ADDED ENTRY--CORPORATE NAME
Corporate name or jurisdiction name as entry element Roma Chatterjee
Relator term Editor
9 (RLIN) 59600
942 ## - ADDED ENTRY ELEMENTS (KOHA)
Source of classification or shelving scheme Dewey Decimal Classification
Item type English Books
Classification part 880
Call number suffix MAT
Holdings
Withdrawn status Lost status Not for loan Collection code Home library Current library Date acquired Source of acquisition Full call number Barcode Copy number Koha item type
    Not For Loan Non-fiction Ashok Vihar Ashok Vihar 16/01/2024 DBAD/PUB 880 MAT EN-122444 1 English Books

© Delhi Public Library
Hit Counter
free hit counter